000 00672nam a22002177a 4500
005 20170124110030.0
010 _aB-089742
020 _c160.00
_a8185559465
035 _aB-089742
037 _bCen Lib/Ret
040 _aDPL
_bEN
082 _a551.46
_bCHA
100 _aChakravati, Amit
_921413
245 _aAll about the oceans /
_cby Amit Chakravarti
260 _aNew Bombay
_bKeep Busy Publishers
_c1995
270 _aPlot No. D-197, T. T. C. Industrial Area, M. I. D. C. , Turbhe
_bNew Bombay
_e400613
300 _a129p. :
_c24cm(Hb)
_bcol. ill.
650 _aOcean
_921414
650 _aOcean waves
_921415
942 _2ddc
_cEN
_h551.46
_mCHA
999 _c127748
_d127748